🎏 Rivers : T Quiz Stats

 Plays Quiz not verified by Sporcle

Also try: 🎏 Rivers : S
Challenge
Share
Tweet
Embed
Score 0/50 Timer 10:00
0 Plays Today
Length (km) River % Correct
1,900 Tigris
88.7%
406 Tiber
80.6%
346 Thames
72.6%
1,038Tagus
69.4%
1,049Tennessee
56.5%
1,000 Tana
33.9%
361 Tana
33.9%
827 Tom
30.6%
433 Tom (Amur Oblast)
30.6%
806 Tara
25.8%
1,401Taz
25.8%
2,450 Tocantins
24.2%
2,190 Tarim
24.2%
381Tarn
19.4%
655 Tuo
14.5%
1,030 Tura
14.5%
1,140Trinity (Texas)
11.3%
510Torne
9.7%
965Tisza
9.7%
1,660 Tobol
9.7%
340Timiș
8.1%
521 Tumen
8.1%
950 Tym
8.1%
623 Terek
8.1%
904 Thelon
6.5%
Length (km) River % Correct
1,060Tanana
6.5%
639Turukhan
4.8%
650 Tombigbee
4.8%
400 Tano
4.8%
350 Tundzha
4.8%
810 Tapajós
4.8%
1,092Tyung
4.8%
451 Tsna
4.8%
608 Tekezé
3.2%
365 Teteriv
3.2%
426 Tongue
3.2%
405 Tugela
3.2%
719 Tavda
3.2%
704Tuul
3.2%
640Taymyr
3.2%
500 Taltson
1.6%
500 Thlewiaza
1.6%
393 Teslin
1.6%
370 Tallahatchie
1.6%
900 Tahuamanu
1.6%
1,431Teles Pires
1.6%
650 Tomo
1.6%
570 Tinkisso
1.6%
360 Tista
1.6%
531 Tungabharada
1.6%

You're not logged in!

Compare scores with friends on all Sporcle quizzes.
Join for Free
OR
Log In

You Might Also Like...

Show Comments

Extras

Top Quizzes Today


Score Distribution

Your Account Isn't Verified!

In order to create a playlist on Sporcle, you need to verify the email address you used during registration. Go to your Sporcle Settings to finish the process.

Report this User

Report this user for behavior that violates our Community Guidelines.

Details: